忘记亲一下 (Record no. 66820)
[ view plain ]
| 000 -LEADER | |
|---|---|
| fixed length control field | 00547nam a22002057a 4500 |
| 003 - CONTROL NUMBER IDENTIFIER | |
| control field | MPLRDC |
| 005 - DATE AND TIME OF LATEST TRANSACTION | |
| control field | 20220104200708.0 |
| 008 - FIXED-LENGTH DATA ELEMENTS--GENERAL INFORMATION | |
| fixed length control field | 210129b ||||| |||| 00| 0 eng d |
| 020 ## - INTERNATIONAL STANDARD BOOK NUMBER | |
| International Standard Book Number | 978-986-213-604-1 |
| 082 ## - DEWEY DECIMAL CLASSIFICATION NUMBER | |
| Classification number | 947.419 JM-16 |
| 100 ## - MAIN ENTRY--PERSONAL NAME | |
| Personal name | 几米 JIMMY LIAO |
| 245 ## - TITLE STATEMENT | |
| Title | 忘记亲一下 |
| Statement of responsibility, etc. | |
| 250 ## - EDITION STATEMENT | |
| Edition statement | 初版一刷 |
| 260 ## - PUBLICATION, DISTRIBUTION, ETC. | |
| Place of publication, distribution, etc. | 台湾 |
| Name of publisher, distributor, etc. | 大块文化出版股份有限公司 |
| Date of publication, distribution, etc. | 2015 |
| 300 ## - PHYSICAL DESCRIPTION | |
| Other physical details | 精 |
| 490 ## - SERIES STATEMENT | |
| Series statement | 几米作品: 48 |
| 520 ## - SUMMARY, ETC. | |
| Summary, etc. | 上架 2016-12-16。 |
| 650 ## - SUBJECT ADDED ENTRY--TOPICAL TERM | |
| Topical term or geographic name entry element | 漫画--图文混合 |
| 942 ## - ADDED ENTRY ELEMENTS (KOHA) | |
| Koha item type | Book |
| -- | 947.419 JM-16 |
| Withdrawn status | Lost status | Source of classification or shelving scheme | Damaged status | Not for loan | Collection code | Home library | Current library | Shelving location | Date acquired | Cost, normal purchase price | Total Checkouts | Full call number | Barcode | Date last seen | Date last checked out | Price effective from | Koha item type | Public note |
|---|---|---|---|---|---|---|---|---|---|---|---|---|---|---|---|---|---|---|
| Withdrawn | Malaysian Public Library, Research and Development Centre | Malaysian Public Library, Research and Development Centre | 17/11/2016 | 78.10 | 947.419 JM-16 | 00060498 | 18/03/2021 | 02/11/2018 | 18/03/2021 | Book | mplrdc |
